Historia de la literatura latina /

Panorama de la literatura latina, desde sus orígenes hasta la caída de Constantinopla. Se ofrece información tanto sobre sus máximos exponentes como de las corrientes que, a lo largo de quince siglos, dieron forma a las letras romanas en latín.

সংরক্ষণ করুন:
গ্রন্থ-পঞ্জীর বিবরন
প্রধান লেখক: Millares Carlo, Agustín (autor)
বিন্যাস: গ্রন্থ
ভাষা:স্প্যানিশ
প্রকাশিত: México : Fondo de Cultura Económica, 1962, c1950
সংস্করন:3a edición
মালা:(Breviarios ; 33)
বিষয়গুলি:
ট্যাগগুলো: ট্যাগ যুক্ত করুন
কোনো ট্যাগ নেই, প্রথমজন হিসাবে ট্যাগ করুন!

MARC

LEADER 00000nam^a2200000^a^4500
001 000000559
005 20250521000000.0
009 20260526112526.551
037 |a Acervo ITESO - Biblioteca 
041 |a ESP 
082 |a 082.  |b BRE V. 33 
100 |a Millares Carlo, Agustín  |e (autor) 
245 1 0 |a Historia de la literatura latina /  |c A. Millares Carlo. 
250 |a 3a edición 
264 4 |a México :  |b Fondo de Cultura Económica,  |c 1962, c1950 
300 |a 250 p. 
336 |a texto  |b txt  |2 rdacontenido 
337 |a sin mediación  |b n  |2 rdamedio 
338 |a volumen  |b nc  |2 rdasoporte 
440 1 |a (Breviarios ;  |v 33) 
520 |a Panorama de la literatura latina, desde sus orígenes hasta la caída de Constantinopla. Se ofrece información tanto sobre sus máximos exponentes como de las corrientes que, a lo largo de quince siglos, dieron forma a las letras romanas en latín. 
649 |a XX 
650 |a Literatura Latina -  |x Historia y Crítica -  |x Tema Principal 
650 |a Literatura Clásica -  |x Historia y Crítica 
910 |a Fondo General 
920 |a Impresos - Libros 
930 |a Colección General 
905 |a 101 
901 |a 0005590100  |b IT1  |c ACC  |i 000559  |u 20250521 
902 |a https://opac.biblio.iteso.mx/vufind/Record/000000559